Statistics for The Novels of Armistead Maupin

Click here to take the quiz!

General Stats

  • This quiz has been taken 2 times
  • The average score is 3 of 11

Answer Stats

HintAnswer% Correct
1980More Tales of the City
100%
1978Tales of the City
100%
1984Babycakes
50%
1982Further Tales of the City
50%
2010Mary Ann in Autumn
0%
1992Maybe the Moon
0%
2007Michael Tolliver Lives
0%
1987Significant Others
0%
1989Sure of You
0%
2014The Days of Anna Madrigal
0%
2000The Night Listener
0%

Score Distribution

Percentile by Number Answered

Percent of People with Each Score

Your Score History

You have not taken this quiz